000 00669nam a22002177a 4500
008 151102b xxu||||| |||| 00| 0 eng d
020 _a9780132343305
020 _a0132343304
041 0 _aeng
080 _a658.8
100 1 _aRender, Barry.
245 1 0 _aPrinciples of operations management /
_cJay Heizer, Barry Render.
246 3 0 _aOperations management
250 _a7th ed.
260 _aUpper Saddle River, N.J. :
_bPearson Prentice Hall,
_cc2008.
300 _a1 v. (various pagings) :
_bme il.;
_c28 cm. +
_e1 CD-ROM (4 3/4 in.)
650 0 _aMenaxhimi i produkteve
650 0 _aHulumtimi i operacioneve
700 1 _aHeizer, Jay.
942 _2udc
_cBK
999 _c1346
_d1346